El qawasqar: linguística fueguina teoría y descripción

Uloženo v:
Podrobná bibliografie
Hlavní autor: Clairis, Christos (Autor)
Médium: Kniha
Jazyk:španělština
Vydáno: Valdivia Alborada 1985
Edice:Estudios filológicos
Témata:
Tagy: Přidat tag
Žádné tagy, Buďte první, kdo vytvoří štítek k tomuto záznamu!

MARC

LEADER 00000nam a2200000 a 4500
001 UCW8050
003 CL-VaPUC
008 880415e19850000CL |||||||||||||||||spa|d
082 0 4 |a 498.3  |b CLA  |2 21 
100 |a Clairis, Christos  |e author  |9 302767 
245 1 3 |a El qawasqar: linguística fueguina teoría y descripción 
300 |a 528 p 
942 |c BK 
945 |d 19880415 00:00:00 
260 |a Valdivia  |b Alborada  |c 1985 
650 7 |a QAWASQAR LENGUA  |2 CL-VaPUC  |9 313161 
650 7 |a LINGUISTICA FUEGINA  |2 CL-VaPUC  |9 313162 
650 7 |a INDIOS DE CHILE LENGUA  |2 CL-VaPUC  |9 313163 
583 |a last modification  |c 19880415 00:00:00  |k Rodrigo Vera 
490 0 |a Estudios filológicos 
999 |c 220551  |d 220549 
952 |0 0  |1 0  |4 0  |6 498_300000000000000_CLA_1985  |7 0  |8 A  |9 212952  |a FDOPOS  |b FDOPOS  |d 2019-11-15  |i 3691349  |o 498.3 CLA 1985  |p 3691349  |r 2025-01-22  |w 2019-11-15  |y BK  |k MLA 
952 |0 0  |1 0  |4 0  |6 498_300000000000000_CLA_1985  |7 0  |8 A  |9 212953  |a FDOPOS  |b FDOPOS  |d 2019-11-15  |i 3687066  |o 498.3 CLA 1985  |p 3687066  |r 2025-01-22  |w 2019-11-15  |y BK  |k MLA 
952 |0 0  |1 0  |4 0  |6 498_300000000000000_CLA_1985  |7 0  |8 A  |9 212954  |a FDOPOS  |b FDOPOS  |d 2019-11-15  |i 2087405  |o 498.3 CLA 1985  |p 2087405  |r 2025-01-22  |w 2019-11-15  |y BK  |k MLA